History Quiz

Random History or War Quiz

The 22 Countries Britain Has Never Invaded Quiz Stats

 Plays Quiz Updated Jul 2, 2018

Challenge
Share
Tweet
Embed
Score 0/22 Timer 04:00
10 Plays Today
% Correct
Vatican City
74%
Kyrgyzstan
63.6%
Andorra
60.7%
Liechtenstein
58.7%
Tajikistan
58%
Mongolia
55.8%
Uzbekistan
55.2%
Bolivia
55.1%
Belarus
54.2%
São Tomé and Príncipe
53.8%
Guatemala
52.3%
% Correct
Monaco
51.3%
Paraguay
51.1%
Luxembourg
50.2%
Côte d'Ivoire
48.8%
Central African Republic
47.2%
Chad
45.2%
Burundi
41.3%
Marshall Islands
41.2%
Sweden
39.9%
Mali
38.5%
Republic of the Congo
36.5%

You're not logged in!

Compare scores with friends on all Sporcle quizzes.
OR
Log In

You Might Also Like...

Show Comments

Extras

Top Quizzes Today


Score Distribution

Your Account Isn't Verified!

In order to create a playlist on Sporcle, you need to verify the email address you used during registration. Go to your Sporcle Settings to finish the process.

Report this User

Report this user for behavior that violates our Community Guidelines.

Details: